LEADER 00386nab a2200133 i 4500 001 000000265598 003 CaOOAMICUS 005 20180831164720.0 008 180831n xx uu u0 0und r 013 $a8724 040 $aSeMil$bita 245 10$a[vedi periodico]. 773 0 $t[2006 : 4].$dLeiden ; Boston : Brill, copyr. 2006.$w()157301 996 $6245$a[vedi periodico]$9(OLS)http://semarc/title/309439 LEADER 00798nam a2200181 i 4500 001 000000180357 003 CaOOAMICUS 005 20090707000000.0 008 090707s1957 it u000 u ita u 013 $a158002 040 $aSeMil$bita 100 1 $aSaba, Agostino,$c.$0(OLS)http://semarc/name/4324 245 10$aDa San Pietro a Celestino 5. /$cAgostino Saba. 300 $aVIII, 760 p. :$bill., [12] p. di tav. 773 0 $aSaba, Agostino $tStoria dei papi.$b2. edizione riveduta e aggiornata.$d[Torino] : Unione Tipografico-Editrice Torinese, 1957.$gVolume1$w()21641 850 $aSeMil 852 $aSeMil$W1$xVenegono$y1$m3C IV 98$j131106$B131106$CSeMilBibl$Z2$F143003 $81 996 $6245$aDa San Pietro a Celestino 5.$9(OLS)http://semarc/title/258965